Engineering thermodynamics (Record no. 4369)

000 -LEADER
fixed length control field 00584nam a22002177a 4500
001 - CONTROL NUMBER
control field 4369
003 - CONTROL NUMBER IDENTIFIER
control field BD-DhUET
008 - FIXED-LENGTH DATA ELEMENTS--GENERAL INFORMATION
fixed length control field 141115b xxu||||| |||| 00| 0 eng d
020 ## - INTERNATIONAL STANDARD BOOK NUMBER
International Standard Book Number 0582407265
040 ## - CATALOGING SOURCE
Original cataloging agency DLC
Language of cataloging DLC
Transcribing agency 0
Modifying agency BD-DhUET
082 ## - DEWEY DECIMAL CLASSIFICATION NUMBER
Item number ROG/1980
Classification number 621.01
100 ## - MAIN ENTRY--PERSONAL NAME
Personal name Rogers, G.F.C.
245 ## - TITLE STATEMENT
Title Engineering thermodynamics
Remainder of title work and heat transfer
250 ## - EDITION STATEMENT
Edition statement 3rd ed.
260 ## - PUBLICATION, DISTRIBUTION, ETC. (IMPRINT)
Place of publication, distribution, etc. Essex
Name of publisher, distributor, etc. English Language Books Society
Date of publication, distribution, etc. 1980
300 ## - PHYSICAL DESCRIPTION
Extent xvi,667p.
504 ## - BIBLIOGRAPHY, ETC. NOTE
Bibliography, etc Includes bibliographies
650 #0 - SUBJECT ADDED ENTRY--TOPICAL TERM
Topical term or geographic name as entry element Thermodynamics-Engineering
700 ## - ADDED ENTRY--PERSONAL NAME
Personal name Mayhew, Y. R.
942 ## - ADDED ENTRY ELEMENTS (KOHA)
Koha item type General Book
Holdings
Koha date last borrowed Piece designation (barcode) Koha normalized classification for sorting Koha date last seen Withdrawn status Date acquired Source of classification or shelving scheme Koha issues (times borrowed) Koha full call number Shelving location Lost status Sublocation or collection (holding branch) Location (home branch) Damaged status Koha item type Not for loan Price effective from Copy number
2018-04-2168584621_010000000000000_ROG_19802018-09-15 2014-11-15 1621.01/ROG/1980Circulation section Central Library, BUETCentral Library, BUET General Book 2014-11-151
 67907621_010000000000000_ROG_19802014-11-29 2014-11-29  621.01/ROG/1980Circulation section Central Library, BUETCentral Library, BUET General Book 2014-11-292
 67906621_010000000000000_ROG_19802015-01-21 2015-01-21  621.01/ROG/1980Circulation section Central Library, BUETCentral Library, BUET General Book 2015-01-213
2018-09-1568583621_010000000000000_ROG_19802018-10-14 2015-04-18 1621.01/ROG/1980Circulation section Central Library, BUETCentral Library, BUET General Book 2015-04-184
 67905621_010000000000000_ROG_19802015-04-18 2015-04-18  621.01/ROG/1980Circulation section Central Library, BUETCentral Library, BUET General Book 2015-04-185